Statistics for Top 10 NBA Point Guards Of All Time

Click here to take the quiz!

General Stats

  • This quiz has been taken 2,039 times
  • The average score is 5 of 10

Answer Stats

RankPlayer% Correct
1Magic Johnson
94%
3John Stockton
88%
10Steve Nash
64%
7Jason Kidd
59%
2Oscar Robertson
55%
4Isiah Thomas
51%
5Bob Cousy
44%
8Gary Payton
27%
6Walt Frazier
20%
9Nate Archibald
10%

Score Distribution

Percentile by Number Answered

Percent of People with Each Score

Your Score History

You have not taken this quiz